| 000 | 01495cam a22003131i 4500 | ||
|---|---|---|---|
| 003 | SA-RiAUC | ||
| 005 | 20250129084149.0 | ||
| 008 | 250128s1964 su g 000 0 ara c | ||
| 040 |
_aSA-JeALM _bara _cSA-RiAUC _erda |
||
| 082 | 0 | 4 |
_a235.3 _qSA-RiAUC |
| 090 |
_a235.3 _b م ب ا |
||
| 100 | 1 |
_aالمباركفوري، محمد بن عبد الرحمن بن عبد الرحيم، _dتوفي 1353 هـ _eمؤلف. |
|
| 245 | 1 | 0 |
_aتحفة الأحوذي بشرح جامع الترمذي / _cلأبي العلي محمد عبد الرحمن بن عبد الرحيم المباركفوري ؛ ظبطه وراجع أصوله وصححه عبد الرحمن محمد عثمان، |
| 246 | 3 | 0 | _aشرح جامع الترمذي |
| 250 | _a[الطبعة الثانية]. | ||
| 264 | 1 |
_aالمدينة المنورة : _bمحمد عبد المحسن الكتبي، _c[ 1967 ] |
|
| 300 |
_aمجلد ؛ _c24 سم |
||
| 336 |
_aنص _btxt _2rdacontent _3كتاب |
||
| 337 |
_aبدون وسيط _bn _2rdamedia |
||
| 338 |
_aمجلد _bnc _2rdacarrier |
||
| 650 | 1 | 7 |
_aالحديث _xشرح _2aucsh |
| 650 | 7 |
_aالحديث _xسنن الترمذي _2aucsh |
|
| 700 | 1 | 2 |
_aالترمذي، محمد بن عيسى بن سورة، _d209-279 هجري |
| 700 | 1 |
_aعثمان، عبد الرحمن محمد _eمراجع. |
|
| 740 | 0 | 2 | _aجامع الترمذي، المسمى، سنن الترمذي. |
| 740 | 0 | 2 | _aسنن الترمذي. |
| 942 |
_2ddc _cBOOK _n0 |
||
| 949 |
_aSA-JeALM _d250128 _uosman123 _n1 |
||
| 999 |
_c5420 _d5420 |
||